000 00532nam a2200181 i 4500
001 72671
003 ES-MaACL
005 20230906171520.0
007 t|
008 040902s1952 sp ||||1| spa d
100 1 _aGoebbels, Hans.
_957550
245 1 4 _aLos asociales /
_cHasn Göbbels ; traducción, prólogo y notas de A. Linares Maza.
250 _a1ª ed.
260 _aMadrid :
_bMorata,
_c1952 (
_fClemares)
300 _a235 p. ;
_c22 cm.
700 1 _aLinares Maza, Antonio.
_972351
852 _aES-MaACL
_jD-5962
_bR.31835
999 _c72671
_d72671